000
00293nam a22001217a 4500
999
_c
8697
_d
8697
020
_a
9788189747985
100
_a
Gupta, M.K. & Khinchi
245
_a
Drug Inspector
250
_a
2019
260
_a
New Delhi
_b
Birla Publication
_c
2019
650
_a
Pharmaceutical Jurisprudence
942
_c
BK
_2
ddc